[Event "Groningen op A"]
[Site "Groningen NED"]
[Date "2012.12.30"]
[Round "9.4"]
[White "Michalik, Peter"]
[Black "Hansen, Eric"]
[Result "0-1"]
[WhiteElo "2508"]
[BlackElo "2539"]
[PlyCount "98"]
[GameId "2130307688295811"]
[EventDate "2012.12.21"]
[EventType "swiss"]
[EventRounds "9"]
[EventCountry "NED"]

1. d4 Nf6 2. c4 g6 3. Nc3 d5 4. Nf3 Bg7 5. Qb3 dxc4 6. Qxc4 O-O 7. e4 Nc6 8. Be2 Bg4 9. d5 Na5 10. Qb4 Bxf3 11. Bxf3 c6 12. O-O Qb6 13. Qa4 Nd7 14. Qc2 Qc7 15. Bg5 cxd5 16. exd5 Bf6 17. Bh6 Rfc8 18. Bg4 Nc4 19. Rac1 Nd6 20. Qa4 Rd8 21. Nb5 Qb8 22. Nc7 b5 23. Qd1 Bxb2 24. Rc2 Bf6 25. Bf4 Ne5 26. Bxe5 Bxe5 27. Qe2 Bf6 28. Rd1 Qb6 29. Rc6 Qa5 30. Nxa8 Rxa8 31. g3 Qb4 32. Bh3 a5 33. Qd3 Qa4 34. Rc2 Kg7 35. Bd7 Rb8 36. Rb1 Qd4 37. Qf3 Qa7 38. Bc6 b4 39. a3 bxa3 40. Rxb8 Qxb8 41. Qxa3 Qb1+ 42. Rc1 Qb6 43. Qc5 Qb2 44. Rc2 Qb3 45. Kg2 a4 46. Re2 a3 47. Qa7 Nf5 48. Re4 a2 49. Ra4 Qxa4 0-1

[Event "Americas Continental playoff"]
[Site "Mar del Plata ARG"]
[Date "2012.10.21"]
[Round "3.1"]
[White "Shabalov, Alexander"]
[Black "Hansen, Eric"]
[Result "1-0"]
[WhiteElo "2570"]
[BlackElo "2527"]
[PlyCount "79"]
[GameId "2130307690407321"]
[EventDate "2012.10.21"]
[EventType "tourn (rapid)"]
[EventRounds "14"]
[EventCountry "ARG"]
[EventCategory "4"]
[SourceTitle "The Week in Chess 938"]
[Source "Mark Crowther"]
[SourceDate "2012.10.30"]
[SourceVersion "1"]
[SourceVersionDate "2012.10.30"]
[SourceQuality "2"]

1. e4 c5 2. Nf3 e6 3. d4 cxd4 4. Nxd4 a6 5. Bd3 Bc5 6. Nb3 Be7 7. Be3 Nc6 8. f4 d6 9. N1d2 Nf6 10. c3 e5 11. f5 d5 12. Qe2 d4 13. Bf2 dxc3 14. bxc3 b5 15. O-O O-O 16. Rfd1 Bb7 17. h3 b4 18. Rac1 bxc3 19. Rxc3 Bb4 20. Rcc1 Qe7 21. Nc4 a5 22. a3 a4 23. axb4 axb3 24. Bc5 Qd8 25. Bb1 Qb8 26. Qe3 Rd8 27. Qxb3 Nd4 28. Qe3 Ba6 29. Bd3 Nb3 30. Rb1 Bxc4 31. Bxc4 Rxd1+ 32. Rxd1 Nxc5 33. bxc5 Qc7 34. Bd5 Ra5 35. c6 h6 36. Qb3 Qa7+ 37. Kh2 Rc5 38. Bxf7+ Kf8 39. Rd8+ Ke7 40. Rb8 1-0

[Event "Americas Continental playoff"]
[Site "Mar del Plata ARG"]
[Date "2012.10.21"]
[Round "4.1"]
[White "Hansen, Eric"]
[Black "Kaidanov, Gregory"]
[Result "0-1"]
[WhiteElo "2527"]
[BlackElo "2587"]
[PlyCount "104"]
[GameId "2130307690407323"]
[EventDate "2012.10.21"]
[EventType "tourn (rapid)"]
[EventRounds "14"]
[EventCountry "ARG"]
[EventCategory "4"]
[SourceTitle "The Week in Chess 938"]
[Source "Mark Crowther"]
[SourceDate "2012.10.30"]
[SourceVersion "1"]
[SourceVersionDate "2012.10.30"]
[SourceQuality "2"]

1. e4 e5 2. Nf3 Nc6 3. Bb5 a6 4. Ba4 Nf6 5. O-O b5 6. Bb3 Bb7 7. d3 Be7 8. Re1 O-O 9. Nbd2 d6 10. a3 Na5 11. Ba2 c5 12. Nf1 Re8 13. Ng3 Bf8 14. Bd2 h6 15. Nh4 Bc8 16. Nhf5 Be6 17. f4 Bxa2 18. Rxa2 Nc6 19. Rf1 d5 20. fxe5 Nxe5 21. Ra1 dxe4 22. dxe4 Re6 23. Qe2 Kh7 24. Bc3 Qc7 25. Rad1 Rae8 26. Ne3 Ned7 27. Qf3 Ne5 28. Qf5+ Kg8 29. Kh1 b4 30. axb4 cxb4 31. Bd4 Nc6 32. Bxf6 Rxf6 33. Qh5 Rxf1+ 34. Rxf1 Ne5 35. Qe2 a5 36. b3 Rc8 37. Ra1 Qc5 38. Ra2 Be7 39. Nd5 Bg5 40. Nf5 Ng6 41. g3 Re8 42. Qf3 Ne5 43. Qe2 Ng6 44. Qg2 Re5 45. h4 Bd8 46. Ra1 Re8 47. Rd1 Qc6 48. Qe2 Qe6 49. Rd2 Qxe4+ 50. Qxe4 Rxe4 51. h5 Nf8 52. Nxb4 Bg5 0-1

[Event "Americas Continental playoff"]
[Site "Mar del Plata ARG"]
[Date "2012.10.22"]
[Round "5.2"]
[White "Flores, Diego"]
[Black "Hansen, Eric"]
[Result "0-1"]
[WhiteElo "2598"]
[BlackElo "2527"]
[PlyCount "70"]
[GameId "2130307690407325"]
[EventDate "2012.10.21"]
[EventType "tourn (rapid)"]
[EventRounds "14"]
[EventCountry "ARG"]
[EventCategory "4"]
[SourceTitle "The Week in Chess 938"]
[Source "Mark Crowther"]
[SourceDate "2012.10.30"]
[SourceVersion "1"]
[SourceVersionDate "2012.10.30"]
[SourceQuality "2"]

1. c4 Nf6 2. Nc3 g6 3. e4 d6 4. g3 Bg7 5. Bg2 O-O 6. Nge2 Nc6 7. O-O a6 8. d4 e5 9. d5 Ne7 10. h3 Nh5 11. g4 Nf6 12. Ng3 b5 13. b3 Bd7 14. Be3 c5 15. dxc6 Bxc6 16. Nd5 bxc4 17. bxc4 Nd7 18. Rb1 Nc5 19. Qd2 Ne6 20. Rfd1 Ba4 21. Rdc1 Nxd5 22. cxd5 Nf4 23. Rb7 Bb5 24. Rcc7 Rc8 25. Qc2 Bh6 26. Kh2 Rxc7 27. Qxc7 Qf6 28. Rb8 Rxb8 29. Qxb8+ Kg7 30. Bb6 Ne2 31. Nxe2 Bxe2 32. Qc7 Qf4+ 33. Kg1 Qd2 34. h4 Qd1+ 35. Kh2 Bf4+ 0-1

[Event "Americas Continental-ch"]
[Site "Mar del Plata ARG"]
[Date "2012.10.12"]
[Round "1.14"]
[White "Judewicz, Alejandro"]
[Black "Hansen, Eric"]
[Result "0-1"]
[WhiteElo "2084"]
[BlackElo "2527"]
[PlyCount "70"]
[GameId "2130307690986248"]
[EventDate "2012.10.12"]
[EventType "swiss"]
[EventRounds "11"]
[EventCountry "ARG"]
[SourceTitle "The Week in Chess 936"]
[Source "Mark Crowther"]
[SourceDate "2012.10.15"]
[SourceVersion "1"]
[SourceVersionDate "2012.10.15"]
[SourceQuality "2"]

1. e4 c5 2. Nf3 e6 3. d4 cxd4 4. Nxd4 a6 5. Nc3 Qc7 6. Bd3 Bc5 7. Be3 Nf6 8. O-O d6 9. h3 e5 10. Nb3 Bxe3 11. fxe3 Be6 12. Qf3 Nbd7 13. Nd5 Bxd5 14. exd5 O-O 15. e4 Rac8 16. Kh1 g6 17. Nc1 Qd8 18. Ne2 h5 19. Qf2 Kg7 20. Qh4 Nc5 21. Ng3 Nfxe4 22. Nxh5+ gxh5 23. Qe1 f5 24. b4 Nxd3 25. cxd3 Ng5 26. d4 exd4 27. Qg3 Rc3 28. Qf4 Ne4 29. Rfe1 Qf6 30. Rad1 Qe5 31. Qh4 Re3 32. Kg1 Qg3 33. Qxg3+ Nxg3 34. Kf2 Ne4+ 35. Kf1 Re8 0-1

[Event "Americas Continental-ch"]
[Site "Mar del Plata ARG"]
[Date "2012.10.13"]
[Round "2.13"]
[White "Hansen, Eric"]
[Black "Perez, Maximiliano"]
[Result "1-0"]
[WhiteElo "2527"]
[BlackElo "2264"]
[PlyCount "95"]
[GameId "2130307690990426"]
[EventDate "2012.10.12"]
[EventType "swiss"]
[EventRounds "11"]
[EventCountry "ARG"]
[SourceTitle "The Week in Chess 936"]
[Source "Mark Crowther"]
[SourceDate "2012.10.15"]
[SourceVersion "1"]
[SourceVersionDate "2012.10.15"]
[SourceQuality "2"]

1. e4 c5 2. Nf3 d6 3. d4 cxd4 4. Nxd4 Nf6 5. Nc3 a6 6. Be2 e5 7. Nb3 Be7 8. O-O O-O 9. a4 Be6 10. Bf3 Nbd7 11. Re1 Rc8 12. Nd2 Qa5 13. Nf1 b5 14. Bd2 b4 15. Na2 d5 16. exd5 Bxd5 17. Bxd5 Nxd5 18. c3 bxc3 19. Nxc3 N5f6 20. Ne3 Bb4 21. Nc2 Be7 22. Ne3 Bb4 23. Re2 Rfe8 24. Ncd5 Nxd5 25. Nxd5 Qxd5 26. Bxb4 Qb7 27. Bc3 Rc5 28. h3 Rd5 29. Qc2 Nc5 30. Rd1 f6 31. Red2 Rxd2 32. Bxd2 Ne6 33. Be3 Rc8 34. Qf5 Re8 35. Rd2 Qb4 36. Qc2 Nd4 37. Qd1 Rd8 38. f4 Re8 39. fxe5 fxe5 40. Rf2 Rd8 41. Qh5 e4 42. Qf7+ Kh8 43. Rd2 Rg8 44. Qd7 Nb3 45. Rd1 Na5 46. Bd4 Nc4 47. Bxg7+ Rxg7 48. Qd8+ 1-0

[Event "Americas Continental-ch"]
[Site "Mar del Plata ARG"]
[Date "2012.10.14"]
[Round "3.11"]
[White "Nina, Miguel"]
[Black "Hansen, Eric"]
[Result "1/2-1/2"]
[WhiteElo "2298"]
[BlackElo "2527"]
[PlyCount "89"]
[GameId "2130307690994614"]
[EventDate "2012.10.12"]
[EventType "swiss"]
[EventRounds "11"]
[EventCountry "ARG"]
[SourceTitle "The Week in Chess 936"]
[Source "Mark Crowther"]
[SourceDate "2012.10.15"]
[SourceVersion "1"]
[SourceVersionDate "2012.10.15"]
[SourceQuality "2"]

1. Nf3 Nf6 2. g3 g6 3. Bg2 Bg7 4. O-O O-O 5. d4 d5 6. b3 a5 7. c4 a4 8. Bb2 c6 9. cxd5 Nxd5 10. e4 Nc7 11. bxa4 Bg4 12. e5 Nd7 13. Nc3 Nb6 14. h3 Be6 15. Ng5 Bc4 16. Re1 Ne6 17. Nxe6 Bxe6 18. Ba3 Qd7 19. Bb4 Rfd8 20. a5 Nc4 21. Na4 Qxd4 22. Bxe7 Qxd1 23. Raxd1 Re8 24. Bb4 Bf8 25. a3 Nxa3 26. Bxf8 Kxf8 27. Nc5 Re7 28. a6 bxa6 29. Bxc6 Rc8 30. Nxe6+ fxe6 31. Rc1 Rec7 32. Rc3 Nb5 33. Rf3+ Ke7 34. Bxb5 axb5 35. Rb3 Rc1 36. Kf1 Rxe1+ 37. Kxe1 Rc5 38. f4 Kd7 39. Ke2 Kc6 40. Kd3 Rc4 41. Ra3 Kb6 42. Ra8 Rc7 43. Rb8+ Ka6 44. g4 Ka5 45. Ra8+ 1/2-1/2

[Event "Americas Continental-ch"]
[Site "Mar del Plata ARG"]
[Date "2012.10.14"]
[Round "4.11"]
[White "Hansen, Eric"]
[Black "Krysa, Leandro"]
[Result "1/2-1/2"]
[WhiteElo "2527"]
[BlackElo "2381"]
[PlyCount "47"]
[GameId "2130307691002898"]
[EventDate "2012.10.12"]
[EventType "swiss"]
[EventRounds "11"]
[EventCountry "ARG"]
[SourceTitle "The Week in Chess 936"]
[Source "Mark Crowther"]
[SourceDate "2012.10.15"]
[SourceVersion "1"]
[SourceVersionDate "2012.10.15"]
[SourceQuality "2"]

1. e4 e5 2. Nf3 Nc6 3. Bb5 f5 4. Nc3 fxe4 5. Nxe4 Nf6 6. Qe2 d5 7. Nxf6+ gxf6 8. d4 Bg7 9. dxe5 O-O 10. e6 Ne5 11. O-O c6 12. Bd3 Bxe6 13. Nd4 Bg4 14. f3 Nxd3 15. Qxd3 Bd7 16. Re1 Re8 17. Be3 Re5 18. Bf2 Qf8 19. Bg3 Rxe1+ 20. Rxe1 Re8 21. Rd1 Qb4 22. Nb3 Bc8 23. Qd4 Qxd4+ 24. Nxd4 1/2-1/2

[Event "Americas Continental-ch"]
[Site "Mar del Plata ARG"]
[Date "2012.10.15"]
[Round "5.13"]
[White "Gemy Vargas, Jose Daniel"]
[Black "Hansen, Eric"]
[Result "1/2-1/2"]
[WhiteElo "2333"]
[BlackElo "2527"]
[PlyCount "42"]
[GameId "2130307691007082"]
[EventDate "2012.10.12"]
[EventType "swiss"]
[EventRounds "11"]
[EventCountry "ARG"]
[SourceTitle "The Week in Chess 937"]
[Source "Mark Crowther"]
[SourceDate "2012.10.22"]
[SourceVersion "1"]
[SourceVersionDate "2012.10.22"]
[SourceQuality "2"]

1. d4 Nf6 2. Nf3 g6 3. g3 Bg7 4. Bg2 O-O 5. O-O d5 6. b3 c5 7. e3 Nc6 8. Bb2 Ne4 9. Nbd2 Bg4 10. h3 Nxd2 11. Qxd2 Bxf3 12. Bxf3 cxd4 13. exd4 Rc8 14. Rac1 e6 15. Kg2 b5 16. Rfd1 Qb6 17. c4 bxc4 18. bxc4 dxc4 19. Rxc4 Ne7 20. Rb4 Qd8 21. d5 Bxb2 1/2-1/2

[Event "Americas Continental-ch"]
[Site "Mar del Plata ARG"]
[Date "2012.10.16"]
[Round "6.15"]
[White "Hansen, Eric"]
[Black "Sabas, Jorge Luis"]
[Result "1-0"]
[WhiteElo "2527"]
[BlackElo "2274"]
[PlyCount "59"]
[GameId "2130307691015367"]
[EventDate "2012.10.12"]
[EventType "swiss"]
[EventRounds "11"]
[EventCountry "ARG"]
[SourceTitle "The Week in Chess 937"]
[Source "Mark Crowther"]
[SourceDate "2012.10.22"]
[SourceVersion "1"]
[SourceVersionDate "2012.10.22"]
[SourceQuality "2"]

1. e4 c6 2. d4 d5 3. e5 Bf5 4. Nf3 e6 5. Be2 Nd7 6. O-O Bg6 7. Nbd2 Nh6 8. Nb3 Nf5 9. c3 Be7 10. g4 Nh4 11. Nxh4 Bxh4 12. f4 f5 13. exf6 Bxf6 14. Bd3 Bxd3 15. Qxd3 O-O 16. g5 Be7 17. Qe2 Rf7 18. Qxe6 Nf8 19. Qg4 g6 20. Bd2 Rf5 21. Rae1 Qd7 22. Qe2 Bd6 23. Nc1 c5 24. dxc5 Bxc5+ 25. Kh1 Bb6 26. Nd3 Qa4 27. Ne5 Re8 28. Qg2 Rd8 29. Ng4 Kf7 30. Nh6+ 1-0

[Event "Americas Continental-ch"]
[Site "Mar del Plata ARG"]
[Date "2012.10.17"]
[Round "7.6"]
[White "Hungaski, Roberto"]
[Black "Hansen, Eric"]
[Result "1/2-1/2"]
[WhiteElo "2451"]
[BlackElo "2527"]
[PlyCount "86"]
[GameId "2130307691019544"]
[EventDate "2012.10.12"]
[EventType "swiss"]
[EventRounds "11"]
[EventCountry "ARG"]
[SourceTitle "The Week in Chess 937"]
[Source "Mark Crowther"]
[SourceDate "2012.10.22"]
[SourceVersion "1"]
[SourceVersionDate "2012.10.22"]
[SourceQuality "2"]

1. d4 Nf6 2. Nf3 g6 3. Nc3 d5 4. Bf4 Bg7 5. e3 O-O 6. Be2 c6 7. h4 Bf5 8. Ne5 Nfd7 9. g4 Be6 10. Nxd7 Nxd7 11. Qd2 f5 12. gxf5 Bxf5 13. h5 e5 14. dxe5 Nxe5 15. hxg6 Bxg6 16. O-O-O Qa5 17. Bxe5 Bxe5 18. Bd3 Bxc3 19. bxc3 Qxa2 20. Qe2 Qa3+ 21. Kd2 d4 22. Bc4+ Kh8 23. cxd4 Qb4+ 24. Kc1 Qa3+ 25. Kb1 Qb4+ 26. Kc1 Rf5 27. d5 cxd5 28. Rxd5 Qa3+ 29. Kb1 Qb4+ 30. Kc1 Qa3+ 31. Kb1 Rf6 32. Qd2 Rb6+ 33. Bb5 Qb3+ 34. Kc1 Qa3+ 35. Kb1 Qb3+ 36. Kc1 Qa3+ 37. Kb1 Qa4 38. Rd8+ Rxd8 39. Qxd8+ Kg7 40. Qe7+ Kg8 41. Qd8+ Kg7 42. Qe7+ Kg8 43. Qd8+ Kg7 1/2-1/2

[Event "Americas Continental-ch"]
[Site "Mar del Plata ARG"]
[Date "2012.10.17"]
[Round "8.11"]
[White "Hansen, Eric"]
[Black "Santiago, Yago de Moura"]
[Result "1-0"]
[WhiteElo "2527"]
[BlackElo "2364"]
[PlyCount "57"]
[GameId "2130307691023740"]
[EventDate "2012.10.12"]
[EventType "swiss"]
[EventRounds "11"]
[EventCountry "ARG"]
[SourceTitle "10 Days-343"]
[SourceDate "2012.10.30"]
[SourceVersion "1"]
[SourceVersionDate "2012.10.30"]
[SourceQuality "1"]

1. e4 c5 2. Nf3 e6 3. Nc3 a6 4. g3 Nc6 5. Bg2 Qc7 6. O-O Nf6 7. d3 d6 8. Ng5 h6 9. Nh3 b5 10. f4 Bb7 11. a3 Be7 12. f5 e5 13. Nd5 Nxd5 14. exd5 Nb8 15. Qg4 Bf6 16. Nf2 Nd7 17. c4 bxc4 18. dxc4 a5 19. a4 Ba6 20. b3 Rb8 21. Rb1 Ke7 22. Bd2 Rb4 23. Be4 Rhb8 24. Bc2 R4b7 25. Ne4 Kf8 26. Qh5 Be7 27. Bxh6 gxh6 28. f6 Bd8 29. Ng5 1-0

[Event "Americas Continental-ch"]
[Site "Mar del Plata ARG"]
[Date "2012.10.19"]
[Round "9.5"]
[White "Mareco, Sandro"]
[Black "Hansen, Eric"]
[Result "1/2-1/2"]
[WhiteElo "2581"]
[BlackElo "2527"]
[PlyCount "68"]
[GameId "2130307691027917"]
[EventDate "2012.10.12"]
[EventType "swiss"]
[EventRounds "11"]
[EventCountry "ARG"]
[SourceTitle "The Week in Chess 937"]
[Source "Mark Crowther"]
[SourceDate "2012.10.22"]
[SourceVersion "1"]
[SourceVersionDate "2012.10.22"]
[SourceQuality "2"]

1. c4 Nf6 2. Nc3 d5 3. cxd5 Nxd5 4. g3 g6 5. Bg2 Nxc3 6. bxc3 Bg7 7. Rb1 Nc6 8. h4 Qd7 9. h5 b6 10. Nf3 Bb7 11. Qc2 O-O-O 12. h6 Bf6 13. d4 Kb8 14. e4 Rhg8 15. O-O e6 16. Be3 Na5 17. c4 Qc6 18. e5 Be7 19. c5 Qe4 20. Qc3 Ka8 21. Rfc1 Qf5 22. Nd2 Bd5 23. Rb5 Rd7 24. c6 Bxg2 25. cxd7 Qh3 26. f3 Bxf3 27. Nxf3 Qxg3+ 28. Kf1 Qxf3+ 29. Bf2 Qxc3 30. Rxc3 Kb7 31. Rb2 Rd8 32. Bg1 Rxd7 33. Rf3 Bg5 34. Rg2 Bc1 1/2-1/2

[Event "Americas Continental-ch"]
[Site "Mar del Plata ARG"]
[Date "2012.10.20"]
[Round "10.9"]
[White "Hansen, Eric"]
[Black "Leiva, Giuseppe"]
[Result "1-0"]
[WhiteElo "2527"]
[BlackElo "2321"]
[PlyCount "157"]
[GameId "2130307691032104"]
[EventDate "2012.10.12"]
[EventType "swiss"]
[EventRounds "11"]
[EventCountry "ARG"]
[SourceTitle "The Week in Chess 937"]
[Source "Mark Crowther"]
[SourceDate "2012.10.22"]
[SourceVersion "1"]
[SourceVersionDate "2012.10.22"]
[SourceQuality "2"]

1. e4 c5 2. Nf3 d6 3. d4 cxd4 4. Nxd4 Nf6 5. Nc3 a6 6. Be3 e5 7. Nb3 Be6 8. h3 Be7 9. Qf3 Nbd7 10. g4 h6 11. O-O-O Rc8 12. Nd5 Bxd5 13. exd5 Qc7 14. Bd3 Nb6 15. Bxb6 Qxb6 16. h4 Nd7 17. Kb1 Nc5 18. Nxc5 Qxc5 19. a3 Bd8 20. Qg2 g5 21. Qe4 Be7 22. Rde1 Kf8 23. Rh3 Kg7 24. h5 Qc7 25. Rf3 Rcf8 26. Rf5 Bd8 27. Re3 Qd7 28. Ref3 Kg8 29. b4 Qc7 30. a4 Qd7 31. a5 Kg7 32. c4 Kg8 33. c5 f6 34. c6 Qc7 35. Bc4 Rh7 36. Bb3 Rg7 37. Qe3 Kh8 38. Ka2 bxc6 39. dxc6 Qxc6 40. Qd2 Qe4 41. Rg3 Rb7 42. Ka3 Rb5 43. Qxd6 Kg7 44. Re3 Qb1 45. Re2 Qa1+ 46. Ra2 Qc1+ 47. Rb2 Qc8 48. Rd2 Re8 49. Qd7+ Be7 50. Qxc8 Rxc8 51. Rd7 Re8 52. Ba4 Rbb8 53. Rf3 Kf8 54. Rb3 Rec8 55. Ra7 Rc4 56. Bd7 Rcxb4 57. Rxb4 Bxb4+ 58. Ka2 Bxa5 59. Be6 Rb6 60. Bb3 e4 61. Bd5 Be1 62. Rf7+ Ke8 63. Rh7 Bxf2 64. Bxe4 Bd4 65. Bg6+ Kf8 66. Bf5 Rb2+ 67. Ka3 Rb5 68. Rxh6 Be5 69. Ka4 Kg8 70. Rg6+ Kh8 71. Rh6+ Kg8 72. Rh7 Rb2 73. Rd7 Kh8 74. Rh7+ Kg8 75. Ra7 Kh8 76. Ra8+ Kg7 77. h6+ Kxh6 78. Ra7 Ra2+ 79. Kb3 1-0

[Event "Americas Continental-ch"]
[Site "Mar del Plata ARG"]
[Date "2012.10.21"]
[Round "11.5"]
[White "Felgaer, Ruben"]
[Black "Hansen, Eric"]
[Result "0-1"]
[WhiteElo "2579"]
[BlackElo "2527"]
[PlyCount "122"]
[GameId "2130307691036280"]
[EventDate "2012.10.12"]
[EventType "swiss"]
[EventRounds "11"]
[EventCountry "ARG"]
[SourceTitle "The Week in Chess 937"]
[Source "Mark Crowther"]
[SourceDate "2012.10.22"]
[SourceVersion "1"]
[SourceVersionDate "2012.10.22"]
[SourceQuality "2"]

1. e4 e6 2. d4 d5 3. Nc3 Bb4 4. e5 c5 5. a3 Bxc3+ 6. bxc3 Qa5 7. Bd2 Qa4 8. Qb1 c4 9. Ne2 Nc6 10. g3 Bd7 11. Nf4 O-O-O 12. Bh3 f5 13. g4 fxg4 14. Bxg4 Re8 15. Rg1 Re7 16. Bh3 Nh6 17. Rg3 Rf8 18. Nh5 Nf5 19. Bxf5 Rxf5 20. Nxg7 Rf8 21. Bh6 Ref7 22. Nh5 Rd8 23. Nf6 Ne7 24. Kd2 Nf5 25. Rh3 Nd6 26. Qb4 Ne4+ 27. Nxe4 dxe4 28. Be3 Rg8 29. Qc5+ Kb8 30. d5 Ka8 31. Rh6 Re8 32. Rg1 b6 33. Qd4 Qb5 34. dxe6 Bxe6 35. Qxe4+ Bd5 36. Qd4 Be6 37. Qe4+ Bd5 38. Qd4 Be6 39. Kc1 Qa4 40. Qe4+ Kb8 41. Rxe6 Rxe6 42. Rg8+ Kc7 43. Qa8 Qxa3+ 44. Kb1 Qa6 45. f4 Qb7 46. Qd8+ Kc6 47. Qd4 Kb5 48. Rd8 Qc6 49. Kb2 Ka6 50. Rd5 Rg6 51. h4 h5 52. Ka3 Rg3 53. Rd6 Qb5 54. Rd5 Qc6 55. Rd6 Qb5 56. Qe4 Rc7 57. Ka2 Rcg7 58. Rd1 Rg2 59. Bd2 Rxd2 60. Rxd2 Qa4+ 61. Kb2 Rg1 0-1

[Event "Isthmia op A"]
[Site "Korinthia GRE"]
[Date "2012.08.18"]
[Round "1.16"]
[White "Deligiannis, P2."]
[Black "Hansen, Eric"]
[Result "0-1"]
[WhiteElo "2037"]
[BlackElo "2472"]
[PlyCount "62"]
[GameId "2130307693544344"]
[EventDate "2012.08.18"]
[EventType "swiss"]
[EventRounds "9"]
[EventCountry "GRE"]
[SourceTitle "The Week in Chess 928"]
[Source "Mark Crowther"]
[SourceDate "2012.08.20"]
[SourceVersion "1"]
[SourceVersionDate "2012.08.20"]
[SourceQuality "2"]

1. c4 c5 2. g3 g6 3. Bg2 Bg7 4. Nc3 Nc6 5. a3 Nf6 6. Rb1 d6 7. Nh3 O-O 8. Nf4 Bd7 9. O-O Rb8 10. b4 Ne8 11. Ne4 cxb4 12. axb4 b5 13. c5 e5 14. Nd3 d5 15. Nc3 Be6 16. f4 e4 17. Ne5 Nxe5 18. fxe5 Bxe5 19. d4 Bc7 20. Bh6 Ng7 21. Rf2 Re8 22. Bxg7 Kxg7 23. e3 h5 24. Qf1 h4 25. g4 h3 26. Bxh3 Rh8 27. Nxb5 Rxb5 28. Qxb5 Rxh3 29. Ra1 Qg5 30. Rxa7 Qxg4+ 31. Rg2 Bxh2+ 0-1

[Event "Isthmia op A"]
[Site "Korinthia GRE"]
[Date "2012.08.19"]
[Round "2.14"]
[White "Hansen, Eric"]
[Black "Kouvatsos, Filippos"]
[Result "1-0"]
[WhiteElo "2472"]
[BlackElo "2187"]
[PlyCount "47"]
[GameId "2130307693548462"]
[EventDate "2012.08.18"]
[EventType "swiss"]
[EventRounds "9"]
[EventCountry "GRE"]
[SourceTitle "The Week in Chess 928"]
[Source "Mark Crowther"]
[SourceDate "2012.08.20"]
[SourceVersion "1"]
[SourceVersionDate "2012.08.20"]
[SourceQuality "2"]

1. e4 c6 2. d4 d5 3. e5 Bf5 4. Nf3 e6 5. Be2 Nd7 6. O-O Ne7 7. Nbd2 Bg6 8. Nb3 Nf5 9. c3 Be7 10. g4 Nh4 11. Nxh4 Bxh4 12. f4 h6 13. f5 Bh7 14. Bd3 O-O 15. f6 Bxd3 16. Qxd3 gxf6 17. Bxh6 Re8 18. g5 Bxg5 19. Bxg5 fxg5 20. Rxf7 Nf8 21. Raf1 Rc8 22. Nc5 Rc7 23. Qf3 b6 24. Rxf8+ 1-0

[Event "Isthmia op A"]
[Site "Korinthia GRE"]
[Date "2012.08.19"]
[Round "3.3"]
[White "Van Kampen, Robin"]
[Black "Hansen, Eric"]
[Result "1/2-1/2"]
[WhiteElo "2565"]
[BlackElo "2472"]
[PlyCount "60"]
[GameId "2130307693548475"]
[EventDate "2012.08.18"]
[EventType "swiss"]
[EventRounds "9"]
[EventCountry "GRE"]
[SourceTitle "The Week in Chess 928"]
[Source "Mark Crowther"]
[SourceDate "2012.08.20"]
[SourceVersion "1"]
[SourceVersionDate "2012.08.20"]
[SourceQuality "2"]

1. e4 e6 2. d4 d5 3. Nc3 Bb4 4. e5 c5 5. a3 Bxc3+ 6. bxc3 Qa5 7. Bd2 Qa4 8. Qg4 Kf8 9. Qd1 b6 10. Nf3 Ne7 11. Bd3 Ba6 12. Bxa6 Qxa6 13. dxc5 Nd7 14. cxb6 axb6 15. Qe2 Nc6 16. c4 Qxc4 17. Qxc4 dxc4 18. Ke2 Ke7 19. Bb4+ Nxb4 20. axb4 f6 21. exf6+ Nxf6 22. Ne5 Nd5 23. Nxc4 Rac8 24. Ne3 Nxe3 25. Kxe3 Rxc2 26. Rhc1 Rb2 27. Ra7+ Kf6 28. Rcc7 Rb3+ 29. Ke2 g5 30. Rxh7 Ke5 1/2-1/2

[Event "Isthmia op A"]
[Site "Korinthia GRE"]
[Date "2012.08.21"]
[Round "5.4"]
[White "Iordachescu, Viorel"]
[Black "Hansen, Eric"]
[Result "1/2-1/2"]
[WhiteElo "2645"]
[BlackElo "2472"]
[PlyCount "59"]
[GameId "2130307693548522"]
[EventDate "2012.08.18"]
[EventType "swiss"]
[EventRounds "9"]
[EventCountry "GRE"]
[SourceTitle "The Week in Chess 929"]
[Source "Mark Crowther"]
[SourceDate "2012.08.27"]
[SourceVersion "1"]
[SourceVersionDate "2012.08.27"]
[SourceQuality "2"]

1. e4 c5 2. Nf3 e6 3. d3 Nc6 4. c3 d5 5. Qe2 Nf6 6. e5 Nd7 7. g3 Be7 8. h4 O-O 9. Bh3 b5 10. O-O b4 11. Bf4 bxc3 12. bxc3 Rb8 13. Rd1 Qa5 14. c4 Nb6 15. Nbd2 Ba6 16. Nb3 Qa4 17. Bg5 dxc4 18. Bxe7 cxd3 19. Qd2 Nxe7 20. Nxc5 Qa3 21. Nxa6 Qxa6 22. Bf1 h6 23. Bxd3 Qa4 24. Bc2 Qg4 25. Qd3 Ng6 26. Qe4 Qxe4 27. Bxe4 Ne7 28. Rd3 Rfc8 29. Rb1 Rc4 30. Rd4 1/2-1/2

[Event "Isthmia op A"]
[Site "Korinthia GRE"]
[Date "2012.08.22"]
[Round "6.8"]
[White "Hansen, Eric"]
[Black "Adhiban, Baskaran"]
[Result "1/2-1/2"]
[WhiteElo "2472"]
[BlackElo "2553"]
[PlyCount "117"]
[GameId "2130307693552645"]
[EventDate "2012.08.18"]
[EventType "swiss"]
[EventRounds "9"]
[EventCountry "GRE"]
[SourceTitle "The Week in Chess 929"]
[Source "Mark Crowther"]
[SourceDate "2012.08.27"]
[SourceVersion "1"]
[SourceVersionDate "2012.08.27"]
[SourceQuality "2"]

1. e4 c5 2. Nf3 d6 3. d4 cxd4 4. Nxd4 Nf6 5. Nc3 a6 6. Be2 e6 7. g4 Nfd7 8. Be3 b5 9. a3 Bb7 10. Qd2 Be7 11. O-O-O Nb6 12. Kb1 N8d7 13. f4 Rc8 14. f5 e5 15. Nb3 Nc4 16. Bxc4 Rxc4 17. Qd3 h6 18. Nd2 Rc8 19. Nd5 Bg5 20. h4 Bxe3 21. Qxe3 Bxd5 22. exd5 Qb6 23. Qf3 b4 24. g5 bxa3 25. Qxa3 Qc5 26. Qxc5 Nxc5 27. f6 gxf6 28. gxf6 Rg8 29. Rhg1 Kd7 30. Rdf1 Rb8 31. Rg7 Rxg7 32. fxg7 Ke7 33. Nc4 Ne4 34. Rg1 Rg8 35. Ne3 Nd2+ 36. Kc1 Nf3 37. Nf5+ Kf6 38. Nxh6 Nxg1 39. Nxg8+ Kxg7 40. Ne7 Ne2+ 41. Kd2 Ng3 42. Ke3 f5 43. Kf3 f4 44. c4 a5 45. c5 dxc5 46. d6 Kf6 47. Nc6 Ke6 48. Nxe5 Kxd6 49. Nc4+ Kd5 50. Kxf4 Nh5+ 51. Kg5 Kxc4 52. Kxh5 Kb3 53. Kg4 a4 54. h5 a3 55. bxa3 c4 56. h6 c3 57. h7 c2 58. h8=Q c1=Q 59. Qh3+ 1/2-1/2